Musik Allgemeinwissen Quiz #5 - Statistiken

Allgemein
  • Dieses Quiz wurde 277 mal gespielt
  • Das Durchschnittsergebnis liegt bei 12 aus 20
Antwortstatistiken
Frage Antwort % Korrekt
Führen Sie den Vers weiter: "In der Weihnachtsbäckerei, gibt es manche..."? Leckerei
97%
Für welchen Tanzschritt war Michael Jackson berühmt? Moonwalk
96%
Jay-Z, The Notorious B.I.G. und Dr. Dre sind bekannte Vertreter welches Musik-Genres? Hip-Hop
95%
Was für ein Tier ist Schnappi aus dem gleichnamigen Kinderlied? Krokodil
92%
Welches ehemalige Beatles-Mitglied sang die Ballade "Imagine" aus dem Jahr 1971? John Lennon
85%
Von welcher Gruppe ist H. P. Baxxter der Frontmann? Scooter
78%
Welche britische Band wurde in Deutschland auch oft als "Die Pilzköpfe" bezeichnet? The Beatles
74%
Was bleibt der Mensch laut Herbert Grönemeyers gleichnamigen Lied? Mensch
69%
Von wem stammen Hits wie "What About Us?", "So What" und "Just Like a Pill"? P!nk
67%
Von welchem Künstler stammen Songs wie "Käsebrot", "Sommer, Sonne, Kaktus" und "Katzeklo"? Helge Schneider
66%
Welcher US-amerikanische Popsänger performte beim Mauerfall am Brandenburger Tor? David Hasselhoff
62%
Wie heißt das Schwesterfestival von Rock am Ring, das jedes Jahr zur gleichen Zeit stattfindet? Rock im Park
52%
Um was für Instrumente handelt es sich bei den Modellen "Les Paul", "Telecaster" und "Stratocaster"? E-Gitarren
44%
Aus welcher Stadt an der Elbe kommen die vier Bandmitglieder von "Tokio Hotel" ursprünglich? Magdeburg
44%
Wer sang 1997 sinngemäß: "Hier kommen die Männer in Schwarz"? Will Smith
43%
Wie nennt man eine Gruppe von Musikern, die aus sieben Mitgliedern besteht? Septett
42%
Welcher Hamburger Rapper heißt bürgerlich Kristoffer Jonas Klauß? Gzuz
33%
In welchem Ort hält die "Schwäbsche Eisenbahn" im gleichnamigen Lied zuerst? Stuttgart
32%
Mit wem zusammen bildete der Rapper Macklemore ein Duo? Ryan Lewis
24%
Welchen Namen erhielt die WG, der unter anderem Otto Waalkes, Udo Lindenberg und Marius Müller-Westernhagen angehörten? (Tipp: ein Ort aus den Büchern von Astrid Lindgren trägt den selben Namen) Villa Kunterbunt
20%
Keine übereinstimmenden Quizze gefunden
Verteilung der Resultate
Anzahl Personen mit jedem Resultat
Perzentil nach korrekt beantworteten Fragen
Ihre Resultats-Entwicklung
Sie haben dieses Quiz noch nicht gespielt